01011nam a22003017a 45000010008000000030009000080050017000170070008000340080041000420200015000830400022000980820019001201000030001392400029001692450132001982600030003303000022003603360032003823370031004144900045004454900024004906500031005146500019005457000027005647000031005917000042006228300045006645615197DO-SdBNP20171117130805.05615197150512s1999 sp | |||| 000 f spa  a8481301760 aBPMSUbspacBPMSU 4a823.912bG799t1 aGreene, Grahamd1904-199114aThe third manlEspañol13aEl tercer hombre /cGraham Greene ; traducción de Barbara McShane y Javier Alfaya ; prólogo de Manuel Vázquez Montalbán aMadrid : bMileniumc1999 a124 p. : c21 cm. aTexto (visual)2isbdcontent asin mediación2isbdmedia0 aMillenium. Las 100 joyas del mileniov590 aBiblioteca El Mundo aNOVELA POLICÍACA INGLESA aNOVELA INGLESA1 aMcShane, Barbaraetr. 1 aAlfaya, Javierd1939-etr.1 aVázquez Montalbán, Manueleprol. pMillenium. Las 100 joyas del mileniov59